| 000 | 00440nam a22001457a 4500 | ||
|---|---|---|---|
| 005 | 20120215135546.0 | ||
| 008 | 120215t xxu||||| |||| 00| 0 eng d | ||
| 020 |
_a8178880032 _c000.00 |
||
| 035 | _aB-59020 | ||
| 040 |
_aDPL _bENG |
||
| 245 | _aComputer Networking: Practice portfolio of latest questions / | ||
| 260 |
_aNew Delhi _bDominant Publishers _c2001 |
||
| 300 |
_a240p. _c23cms |
||
| 942 |
_2ddc _cEN _h005.754 _mCOM |
||
| 999 |
_c62869 _d62869 |
||